|
|
|
|
| LEADER |
00000nam0a2200000 4500 |
| 001 |
331547 |
| 005 |
20231102004352.0 |
| 035 |
|
|
|a (RuTPU)RU\TPU\book\357388
|
| 035 |
|
|
|a RU\TPU\book\357387
|
| 090 |
|
|
|a 331547
|
| 100 |
|
|
|a 20170427d1973 km y0rusy50 ca
|
| 101 |
0 |
|
|a rus
|
| 102 |
|
|
|a RU
|
| 105 |
|
|
|a a g 001zy
|
| 200 |
1 |
|
|a Полумарковские модели в задачах проектирования систем управления летательными аппаратами
|f И. Н. Коваленко, Г. К. Москатов, Е. Ю. Барзилович
|
| 210 |
|
|
|a Москва
|c Машиностроение
|d 1973
|
| 215 |
|
|
|a 176 с.
|c ил.
|
| 225 |
1 |
|
|a Основы проектирования систем управления летательными аппаратами
|
| 225 |
1 |
|
|a Справочная библиотека инженера-конструктора
|
| 320 |
|
|
|a Библиогр.: с. 172-175
|
| 606 |
|
|
|a Летательные аппараты
|x Проектирование
|x Математические методы
|2 stltpush
|3 (RuTPU)RU\TPU\subj\40084
|9 59956
|
| 610 |
1 |
|
|a теория массового обслуживания
|
| 610 |
1 |
|
|a марковские процессы
|
| 610 |
1 |
|
|a наблюдения
|
| 610 |
1 |
|
|a адаптивные системы
|
| 610 |
1 |
|
|a надежность
|
| 610 |
1 |
|
|a воздушные линии
|
| 610 |
1 |
|
|a обслуживание
|
| 610 |
1 |
|
|a планирование
|
| 610 |
1 |
|
|a справочники
|
| 675 |
|
|
|a 629.73.01(035)
|v 4
|
| 700 |
|
1 |
|a Коваленко
|b И. Н.
|g Игорь Николаевич
|
| 701 |
|
1 |
|a Москатов
|b Г. К.
|g Генрих Карлович
|
| 701 |
|
1 |
|a Барзилович
|b Е. Ю.
|g Евгений Юрьевич
|
| 801 |
|
1 |
|a RU
|b 63413507
|c 20170427
|
| 801 |
|
2 |
|a RU
|b 63413507
|c 20201123
|g RCR
|
| 942 |
|
|
|c BK
|